| 000 | 02007cam a2200433 a 4500 | ||
|---|---|---|---|
| 001 | 12188609 | ||
| 003 | BJBSDDR | ||
| 005 | 20260515154118.0 | ||
| 007 | ta | ||
| 008 | 000928s2001 nyu b 000 0 eng | ||
| 010 | _a 00047764 | ||
| 020 |
_a0471353124 _qpbk. |
||
| 020 |
_a9780471353126 _q(pbk.) |
||
| 035 | _a12188609 | ||
| 040 |
_aDLC _cDLC _dDLC |
||
| 041 | _aeng | ||
| 050 | 0 | 0 |
_aPN161 _bH551 2001 |
| 082 | 0 | 0 |
_a808/.02 _221 |
| 100 | 3 |
_aHerman, Jeff _d1958- _948476 |
|
| 245 | 1 | 0 |
_aWrite the perfect book proposal : _b10 that sold and why / _cJeff Herman and Deborah Levine Herman. |
| 250 | _a2nd ed. | ||
| 260 |
_aNew York : _bWiley ; _c2001. |
||
| 300 |
_aix, 213 pages ; _c24 cm. |
||
| 336 |
_atext _btxt _2rdacontent |
||
| 337 |
_aunmediated _bn _2rdamedia |
||
| 338 |
_avolume _bnc _2rdacarrier |
||
| 504 | _aIncludes bibliographical references (p. 198-202). | ||
| 520 | _aJeffrey Marc "Jeff" Herman (born 1959) is an American trial lawyer specializing in representing victims of sexual abuse. He is the founding and managing partner of the South Florida-based law-firm, Herman Law, and has been described in the media as "the nation's leading attorney when it comes to handling high-profile sexual abuse lawsuit. | ||
| 650 | 0 | _aBook proposals. | |
| 700 | 1 |
_aHerman, Deborah, _d1958- |
|
| 856 | 4 | 2 |
_3Contributor biographical information _uhttp://www.loc.gov/catdir/bios/wiley045/00047764.html |
| 856 | 4 | 2 |
_3Publisher description _uhttp://www.loc.gov/catdir/description/wiley039/00047764.html |
| 856 | 4 |
_3Table of Contents _uhttp://www.loc.gov/catdir/toc/onix05/00047764.html |
|
| 906 |
_a7 _bcbc _corignew _d1 _eocip _f19 _gy-gencatlg |
||
| 942 |
_2lcc _cBK _n0 |
||
| 946 | _isba | ||
| 999 |
_c127109 _d127109 |
||